Триасовая система (стратиграфический очерк; Сибирский НИИ геологии, геофизики и минерального сырья. Труды; Вып. 22

Dettagli Bibliografici
Parent link:Сибирский НИИ геологии, геофизики и минерального сырья. Труды
Вып. 22.— 1962.— С. 8-12
Autore principale: Лебедев И. В.
Lingua:russo
Pubblicazione: 1962
Soggetti:
Natura: MixedMaterials Capitolo di libro
KOHA link:https://koha.lib.tpu.ru/cgi-bin/koha/opac-detail.pl?biblionumber=591755

MARC

LEADER 00000naa0a2200000 4500
001 591755
005 20250108155219.0
035 |a (RuTPU)RU\TPU\tpu\2452 
035 |a TPU00002452 
090 |a 591755 
100 |a 20011210d1962 k||y0rusy50 ca 
101 0 |a rus 
102 |a RU 
200 1 |a Триасовая система (стратиграфический очерк  |f И. В. Лебедев 
461 |t Сибирский НИИ геологии, геофизики и минерального сырья. Труды 
463 |t Вып. 22  |v С. 8-12  |d 1962 
610 1 |a геолого-географические науки 
610 1 |a труды учёных ТПУ 
700 1 |a Лебедев  |b И. В. 
801 0 |a RU  |b 63413507  |c 20011210  |g PSBO 
801 2 |a RU  |b 63413507  |c 20060614  |g PSBO 
942 |c CR